00398nam a2200169Ia 4500008004000000041000800040082001500048100002500063245004000088260003900128300000800167650000800175650001000183650000700193650001500200650001300215210210b1977 xxu||||| |||| 00| 0 eng d aeng a801.9 SINH aSINHA (Manindranath) aHandbook of the study of literature aBareillybPrakash Book Depotc1977 a216 athe astudy aof aliterature aHandbook